000
00303nam a2200121Ia 4500
008
231129s1984||||xx |||||||||||||| ||spa||
082
_a
614.19 C828j
100
_a
Cortes Caballero Carlos.
245
0
_a
Juristas y medicina
260
_c
1984
264
_a
Bucaramanga : Pieschacón
942
_2
ddc
_c
BKS
999
_c
16291
_d
16291